000 00605nam a2200205Ia 4500
003 OSt
005 20211203020346.0
008 151021s9999 xx 000 0 und d
020 _a323039634
040 _aMMU
_beng
_cMMU
_dMMU
050 _aRJ 245 .W47 2003
100 _aHockenberry,Marilyn J.
245 _aNursingcare of Infants and Children /
_cMarilyn J. Hockenberry
260 _aNew York :
_b Mosby,
_c 2003.
300 _axxxiii,1994 p. :
500 _aIncludes index
500 _aIncludes index
650 _a_Nursing care for Children and infants
942 _2lcc
_cLOAN LOAN
_e7th ed.
999 _c13468
_d13468